| 000 | 00703cam a2200205 a 4500 | ||
|---|---|---|---|
| 020 | _a0471154962 (cloth : alk. paper) | ||
| 082 | 0 | 0 |
_a510.2462 _bKRE |
| 100 | 1 |
_aKreyszig, Erwin. _9572 |
|
| 245 | 1 | 0 |
_aAdvanced engineering mathematics / _cErwin Kreyszig. |
| 250 | _a8th ed. | ||
| 260 |
_aNew York : _bWiley, _cc1999. |
||
| 300 |
_a1 v. (various pagings) : _bcol. ill. ; _c27 cm. |
||
| 526 |
_a0 _b0 _c0 _d510_246200000000000_KRE |
||
| 650 | 0 |
_aEngineering mathematics. _92310 |
|
| 650 | 0 |
_aMathematical physics. _98499 |
|
| 650 | 0 |
_aMCE _9379 |
|
| 856 | 4 | _uhttp://www.loc.gov/catdir/toc/onix04/98037591.html | |
| 856 | 4 | 2 | _uhttp://www.loc.gov/catdir/description/wiley033/98037591.html |
| 942 |
_2ddc _cBK |
||
| 999 |
_c543595 _d543595 |
||